00693nam a2200229 a 4500001001300000003000900013005001700022008004100039020002300080082001600103100002400119245005000143260004000193300000900233500003500242650001300277700002400290902000800314942000700322952011700329999001700446nice12345678IN_TiNIC20260116014120.0111215s2011 newa grp 000 0 eng  a9788125043058c72500a305.4bKAN2 aKannabiran, Vasanth aGrief to Buryb Memories of Love, Work & Loss aNew Delhi bOrient Blackswan c2011 a370p aincludes index and biblioraphy aFeminism1 aKannabiran, Vasanth bSRS cBK 001040708StackRoom-aHMIbHMId2011-12-21g725.00l0o305.4 KAN2p023770r2011-12-21v725.00w2011-12-15yBK c13945d13945